000 01021nam a22002897a 4500
999 _c12567
_d12567
003 EG-ScBUE
005 20210214122932.0
008 090811s2003 ua f 000 f ara d
017 _a2003/16551
020 _a9773055841
040 _aEG-ScBUE
_bara
_erda
_cEG-ScBUE
_dEG-ScBUE
082 0 4 _a892.737
_bم ر ي
_222
100 1 _aعبد المريد، هاني،
_eمؤلف.
245 1 0 _aعمود رخامي في منتصف الحلبة :
_bرواية /
_cهاني عبد المريد.
250 _aالطبعة الأولى.
264 1 _aالقاهرة :
_bالهيئة العامة لقصور الثقافة،
_c2003.
300 _a88 صفحة ؛
_c20 سم.
336 _2rdacontent
_aنص
_btxt
337 _2rdamedia
_aبدون وسيط
_bn
338 _2rdacarrier
_aمجلد
_bnc
490 0 _aإبداعات ؛
_v198
650 7 _98244
_aالقصص الاجتماعية
_zمصر
_yقرن 20.
_2BUEsh
651 _2BUEsh
653 _bARALIT
_cFebruary2021
655 _vReading book
_934232
942 _2ddc
_cBB